<?xml version="1.0" encoding="UTF-8"?>
<record
    xmlns:xsi="http://www.w3.org/2001/XMLSchema-instance"
    xsi:schemaLocation="http://www.loc.gov/MARC21/slim http://www.loc.gov/standards/marcxml/schema/MARC21slim.xsd"
    xmlns="http://www.loc.gov/MARC21/slim">

  <leader>00823nam a2200217Ia 4500</leader>
  <controlfield tag="003">OSt</controlfield>
  <controlfield tag="005">20241109103957.0</controlfield>
  <controlfield tag="008">210210b1983   xxu||||| |||| 00| 0 eng d</controlfield>
  <datafield tag="040" ind1=" " ind2=" ">
    <subfield code="c">AL</subfield>
  </datafield>
  <datafield tag="041" ind1=" " ind2=" ">
    <subfield code="a">Kannada</subfield>
  </datafield>
  <datafield tag="082" ind1=" " ind2=" ">
    <subfield code="a">954.871K KUSD</subfield>
  </datafield>
  <datafield tag="100" ind1=" " ind2=" ">
    <subfield code="a">Chinnappa Gowda K  MATTU CHINNAPPA GOWDA (K).</subfield>
    <subfield code="d">&#xC95;&#xCC1;&#xCB6;&#xCBE;&#xCB2;&#xCAA;&#xCCD;&#xCAA; &#xC97;&#xCCC;&#xCA1;  &#xC95;&#xCC6;  &amp;  &#xC9A;&#xCBF;&#xCA8;&#xCCD;&#xCA8;&#xCAA;&#xCCD;&#xCAA; &#xC97;&#xCCC;&#xCA1; &#xC95;&#xCC6;</subfield>
    <subfield code="9">150796</subfield>
  </datafield>
  <datafield tag="245" ind1=" " ind2=" ">
    <subfield code="a">Dakshina Kannada jilleya Kaifiyattugalu</subfield>
    <subfield code="b">&#xCA6;&#xC95;&#xCCD;&#xCB7;&#xCBF;&#xCA3; &#xC95;&#xCA8;&#xCCD;&#xCA8;&#xCA1; &#xC9C;&#xCBF;&#xCB2;&#xCCD;&#xCB2;&#xCC6;&#xCAF; &#xC95;&#xCC8;&#xCAB;&#xCBF;&#xCAF;&#xCA4;&#xCCD;&#xCA4;&#xCC1;&#xC97;&#xCB3;&#xCC1; </subfield>
  </datafield>
  <datafield tag="260" ind1=" " ind2=" ">
    <subfield code="a">Mangaluru.</subfield>
    <subfield code="b">Pustaka  Prakashana</subfield>
    <subfield code="c">1983</subfield>
  </datafield>
  <datafield tag="300" ind1=" " ind2=" ">
    <subfield code="a">viii,27243</subfield>
  </datafield>
  <datafield tag="650" ind1=" " ind2=" ">
    <subfield code="a">Local Records To Dakshina Kannada</subfield>
    <subfield code="9">183700</subfield>
  </datafield>
  <datafield tag="650" ind1=" " ind2=" ">
    <subfield code="a">Meckanzie Collections</subfield>
    <subfield code="9">183701</subfield>
  </datafield>
  <datafield tag="690" ind1=" " ind2=" ">
    <subfield code="a">South Kanara /South Canara</subfield>
    <subfield code="9">150802</subfield>
  </datafield>
  <datafield tag="906" ind1=" " ind2=" ">
    <subfield code="a">SG02366</subfield>
  </datafield>
  <datafield tag="942" ind1=" " ind2=" ">
    <subfield code="2">ddc</subfield>
    <subfield code="c">BK</subfield>
  </datafield>
  <datafield tag="999" ind1=" " ind2=" ">
    <subfield code="c">113441</subfield>
    <subfield code="d">113441</subfield>
  </datafield>
  <datafield tag="952" ind1=" " ind2=" ">
    <subfield code="0">0</subfield>
    <subfield code="1">0</subfield>
    <subfield code="2">ddc</subfield>
    <subfield code="4">0</subfield>
    <subfield code="7">4</subfield>
    <subfield code="8">HIS</subfield>
    <subfield code="a">AL</subfield>
    <subfield code="b">AL</subfield>
    <subfield code="d">2021-02-17</subfield>
    <subfield code="g">30.00</subfield>
    <subfield code="l">0</subfield>
    <subfield code="o">954.871K KUSD</subfield>
    <subfield code="p">SG02366</subfield>
    <subfield code="r">2021-02-17 00:00:00</subfield>
    <subfield code="w">2021-02-17</subfield>
    <subfield code="y">SG</subfield>
  </datafield>
</record>
